| 000 | 00365cam a22001097a 4500 | ||
|---|---|---|---|
| 008 | 180718b1962 xxu||||| |||| 00| 0 eng d | ||
| 082 | _aI513084 Au78Q | ||
| 245 |
_aThe O and M assignment _cby Commonwealth Public Service Board |
||
| 260 |
_aCanberra _bCommonwealth Public Service Board _c1962 |
||
| 300 | _a22+p. | ||
| 700 | _aAustralia. Commonwealth Public Service Board | ||
| 999 |
_c491238 _d491238 |
||